000 00499nam a2200181Ia 4500
001 1106
005 20260306140607.0
008 260306t1999||||xx |||||||||||||| ||spa||
041 _aESP
082 _a181.985
_bS63
100 _aSobrevilla, David [1938-...]
_eAUT
245 0 _aRepensando la tradición de nuestra América:
_bestudios sobre la filosofía en América Latina
260 _c1999
300 _a266 páginas :
_c24 cm.
650 _aGEN
654 _aCHU
942 _cLIB
_dJUS
_fJUS
_2ddc
_n
999 _c1106
_d1106